00601nam a22002057a 450000500170000001000410001702000260005803500170008403500130010103500130011403700130012703700160014008200100015610000160016624500610018226000390024327000520028230000210033450000400035520180228135303.0 a1617EN B-652854-872 ENG-115066 a9788129115270c295.00 aB-652854-872 aB-667659 aEN-98598 bKKPadpl bDBAD/Author a954.4 aKarkra,B.K. aRani Padmini :bthe heroine of Chittor /cby B.K. Karkra aNew DelhibRupa Publicationsc2015 a7/16, Ansari Road, DaryaganjbNew Delhie110002 a252p.c22cm(pbk) aIncludes bibliographical references